Catálogo

Vista normal Vista MARC

Entrada Personal Name

Número de registros utilizados en: 1

001 - CONTROL NUMBER

  • control field: 17340

003 - CONTROL NUMBER IDENTIFIER

  • control field: DLC

005 - DATE AND TIME OF LATEST TRANSACTION

  • control field: 20250716165043.0

008 - FIXED-LENGTH DATA ELEMENTS

  • fixed length control field: 860313n| azannaabn |a aaa

010 ## - LIBRARY OF CONGRESS CONTROL NUMBER

  • LC control number: n 85209843

035 ## - SYSTEM CONTROL NUMBER

  • System control number: (OCoLC)oca01571920

040 ## - CATALOGING SOURCE

  • Original cataloging agency: DLC
  • Language of cataloging: spa
  • Description conventions: rda
  • Transcribing agency: Mx-PuUPA
  • Modifying agency: DLC
  • Modifying agency: OCoLC
  • Modifying agency: DLC
  • Modifying agency: HU
  • Modifying agency: Mx-PuUPA

046 ## - SPECIAL CODED DATES

  • Birth date: 1950
  • Source of date scheme: edtf

100 1# - HEADING--PERSONAL NAME

  • Personal name: Barreda Solórzano, Luis de la,
  • Dates associated with a name: 1950-

370 ## - ASSOCIATED PLACE

  • Associated country: México
  • Source of term: naf

372 ## - FIELD OF ACTIVITY

  • Field of activity: Derecho
  • Source of term: lcsh

373 ## - ASSOCIATED GROUP

  • Associated group: Universidad Autónoma Metropolitana. Unidad Azcapotzalco
  • Associated group: Universidad Nacional Autónoma de México
  • Associated group: Comisión de Derechos Humanos del Distrito Federal ( Ciudad de México, México)
  • Source of term: naf

374 ## - OCCUPATION

  • Occupation: Autor

375 ## - GENDER

  • Gender: hombre

377 ## - ASSOCIATED LANGUAGE

  • Language code: spa

400 1# - SEE FROM TRACING--PERSONAL NAME

  • Personal name: Barreda, Luis de la
  • Dates associated with a name: 1950-

400 1# - SEE FROM TRACING--PERSONAL NAME

  • Personal name: De la Barreda Solórzano, Luis
  • Dates associated with a name: 1950-

400 1# - SEE FROM TRACING--PERSONAL NAME

  • Personal name: La Barreda Solórzano, Luis de
  • Dates associated with a name: 1950-

400 1# - SEE FROM TRACING--PERSONAL NAME

  • Personal name: Solórzano, Luis de la Barreda
  • Dates associated with a name: 1950-

670 ## - SOURCE DATA FOUND

  • Source citation: Ensayos de derecho penal y criminología en honor ... 1985:
  • Information found: t.p. (Luis de la Barreda Solórzano) p. 2 (jefe del Depto. de Derecho, Univ. Autónoma Metropolitana, Unidad Azcapotzalco)

670 ## - SOURCE DATA FOUND

  • Source citation: Prisión aún, 1993:
  • Information found: t.p. (Luis de la Barreda Solórzano) cover (Luis de la Barreda)

670 ## - SOURCE DATA FOUND

  • Source citation: La lid contra la tortura, 1995:
  • Information found: t.p. (Luis de la Barreda Solórzano) p. 2 of cover (b. 1950)

670 ## - SOURCE DATA FOUND

  • Source citation: His Los derechos humanos, 2013 :
  • Information found: t.p. (Luis de la Barreda Solórzano) front cover inside flap (Luis de la Barreda Solórzano. Es coordinador del Programa Universitario de Derechos Humanos de la UNAM y fue presidente fundador de la Comisión de Derechos Humanos del Distrito Federal.)